International co-operation in civil and criminal matters / (Record no. 1898)

MARC details
000 -LEADER
fixed length control field 02360cam a2200421 a 4500
001 - CONTROL NUMBER
control field ocm49927349
003 - CONTROL NUMBER IDENTIFIER
control field TZ-ArACH
005 - DATE AND TIME OF LATEST TRANSACTION
control field 20130502114448.0
008 - FIXED-LENGTH DATA ELEMENTS--GENERAL INFORMATION
fixed length control field 020529s2002 enkk b 001 0 eng
010 ## - LIBRARY OF CONGRESS CONTROL NUMBER
LC control number 2002074284
015 ## - NATIONAL BIBLIOGRAPHY NUMBER
National bibliography number GBA2-65297
020 ## - INTERNATIONAL STANDARD BOOK NUMBER
International Standard Book Number 0198269900
020 ## - INTERNATIONAL STANDARD BOOK NUMBER
International Standard Book Number 9780198269908
035 ## - SYSTEM CONTROL NUMBER
System control number (OCoLC)49927349
Canceled/invalid control number (OCoLC)60660374
040 ## - CATALOGING SOURCE
Original cataloging agency DLC
Language of cataloging eng
Transcribing agency TZ-ArACH
Modifying agency UKM
-- C#P
-- BAKER
-- NLGGC
-- BTCTA
-- YDXCP
-- DEBBG
-- GGYBL
-- BDX
041 ## - LANGUAGE CODE
Language code of text/sound track or separate title Eng
049 ## - LOCAL HOLDINGS (OCLC)
Holding library TZAA
050 00 - LIBRARY OF CONGRESS CALL NUMBER
Classification number K2115
Item number .M39
082 00 - DEWEY DECIMAL CLASSIFICATION NUMBER
Classification number 341.7/8
Edition number 21
100 1# - MAIN ENTRY--PERSONAL NAME
Personal name McClean, J. D.
Fuller form of name (John David)
9 (RLIN) 9271
245 10 - TITLE STATEMENT
Title International co-operation in civil and criminal matters /
Statement of responsibility, etc David McClean.
246 3# - VARYING FORM OF TITLE
Title proper/short title International cooperation in civil and criminal matters
260 ## - PUBLICATION, DISTRIBUTION, ETC. (IMPRINT)
Place of publication, distribution, etc Oxford ;
-- New York :
Name of publisher, distributor, etc Oxford University Press,
Date of publication, distribution, etc 2002.
300 ## - PHYSICAL DESCRIPTION
Extent xlvii, 449 p. :
Other physical details forms ;
Dimensions 24 cm.
500 ## - GENERAL NOTE
General note "The present book is a second and much revised edition of my International Judicial Assistance, published in 1992."--Pref.
504 ## - BIBLIOGRAPHY, ETC. NOTE
Bibliography, etc Includes bibliographical references and index.
505 0# - FORMATTED CONTENTS NOTE
Formatted contents note 1. Introduction -- 2. Service of process -- 3. Taking of evidence: national practices -- 4. Taking of evidence: international co-operation -- 5. Co-operation in criminal matters: origins and developments -- 6. Co-operation in criminal matters: international texts -- 7. Drug trafficking -- 8. Money laundering -- 9. Terrorism -- 10. The proceeds of crime -- 11. United kingdom legislation and treaties -- 12. The recognition and enforcement of criminal judgments
650 #0 - SUBJECT ADDED ENTRY--TOPICAL TERM
Topical term or geographic name as entry element Justice, Administration of
General subdivision International cooperation.
9 (RLIN) 9272
650 #0 - SUBJECT ADDED ENTRY--TOPICAL TERM
Topical term or geographic name as entry element Judicial assistance.
9 (RLIN) 9273
650 #0 - SUBJECT ADDED ENTRY--TOPICAL TERM
Topical term or geographic name as entry element Law enforcement
General subdivision International cooperation.
9 (RLIN) 9274
650 #0 - SUBJECT ADDED ENTRY--TOPICAL TERM
Topical term or geographic name as entry element Entraide judiciare internationale
General subdivision Application
9 (RLIN) 9282
650 #0 - SUBJECT ADDED ENTRY--TOPICAL TERM
Topical term or geographic name as entry element Lois
General subdivision Cooperation internationale
9 (RLIN) 9283
856 42 - ELECTRONIC LOCATION AND ACCESS
Materials specified Publisher description
Uniform Resource Identifier <a href="http://catdir.loc.gov/catdir/enhancements/fy0613/2002074284-d.html">http://catdir.loc.gov/catdir/enhancements/fy0613/2002074284-d.html</a>
856 41 - ELECTRONIC LOCATION AND ACCESS
Materials specified Table of contents only
Uniform Resource Identifier <a href="http://catdir.loc.gov/catdir/enhancements/fy0613/2002074284-t.html">http://catdir.loc.gov/catdir/enhancements/fy0613/2002074284-t.html</a>
856 42 - ELECTRONIC LOCATION AND ACCESS
Materials specified Contributor biographical information
Uniform Resource Identifier <a href="http://catdir.loc.gov/catdir/enhancements/fy0724/2002074284-b.html">http://catdir.loc.gov/catdir/enhancements/fy0724/2002074284-b.html</a>
942 ## - ADDED ENTRY ELEMENTS (KOHA)
Source of classification or shelving scheme Library of Congress Classification
Koha item type Books
Holdings
Home library Current library Shelving location Date acquired Full call number Barcode Koha item type Public note
African Court on Human and Peoples' Rights Library African Court on Human and Peoples' Rights Library   02/05/2013 K2115 .M39 10026118 Books Reserve Copy

African Court on Human and Peoples' Rights | For Inquiries Contact » +255 272 510 510